000 00489nam a2200157Ia 4500
999 _c9765
_d9765
020 _a8178290758
082 _a331.412095492 KAB-B
100 _aKabeer, Naila
245 0 _aBangladeshi women workers and labour market decisions: The power to choose
260 _aNew Delhi
_bVistaar Publications
_c2000
300 _axvi, 464
504 _aincludes bibliography and index
650 _aLabor and laboring classes
_zBangladesh
650 _aWomen
_vEmployment
_zBangladesh
942 _cBK
_2ddc